000 02402nam2a2200361 4500
001 RU\NLR\DIGIT\110058
005 20160824134401.0
035 _a(NLR Aleph) 010169620
090 _a10127846
_c10127846
100 _a20110829j189010 uu y0rusy50 ca
101 _arus
102 _aRU
135 _acogo 008apabr
200 1 _a1890, окт.
_fред.-изд. Н.П. Аловерт
210 _d1890
316 _aЭкз. РНБ на шифре 3/97-1890: янв. - дек. переплетены в общ. владельч. обл.
_5NLR
325 _aКопия доступна в электронной библиотеке РНБ
327 1 _aСодерж.: Перед кончиной мира: исторический роман Феликса Дана, [окончание]. Комедия ошибок: роман Л. Стивенсона и Л. Осборна, [продолжение]
461 0 _1001RU\NLR\INFOCOMM6\1000372308
_12001#$aБиблиотека Вестника моды$eприложение к журналу Вестник Моды$v1890, окт.
_92449914
_cС.-Петербург
_d1889 - 1890
_nТипография брат. Пантелеевых
_oприложение к журналу Вестник Моды
_tБиблиотека Вестника моды
_v1890, окт.
464 0 _12001#$aКомедия ошибок$eроман Л. Стивенсона и Л. Осборна, [продолжение]
_1700#1$aСтивенсон$bЛ.
_1701#1$aОсборн$bЛ.
_tКомедия ошибок
_aСтивенсон, Л.
464 0 _12001#$aПеред кончиной мира$eисторический роман Феликса Дана, [окончание]
_1700#1$aДан$bФ.$gФеликс
_tПеред кончиной мира
_aДан, Феликс
702 1 _aАловерт
_bН. П.
_f1847-1927
_gНиколай Павлович
_4650
_4340
801 2 _aRU
_bNLR
_c20110829
_2rusmarc
852 _aNLR
_j3/97
856 0 _uhttps://vivaldi.nlr.ru/pm000000328/view#page=744
856 1 _uhttp://vivaldi.nlr.ru/pm000000328/cover
856 2 _uhttp://vivaldi.nlr.ru/pm000000328/text
942 _cISSUE
980 _aNB
981 2 7 _a(27) Периодические издания
_b(27) Журналы мод
981 2 7 _a(27) Периодические издания
_b(27) Журналы